Agricultural trade liberalization (Бичлэгийн дугаар. 146441)
| 000 -УДИРДЛАГА | |
|---|---|
| Удирдлага | 00920nam a22002777a 4500 |
| 003 - ХЯНАЛТЫН ТОО ТОДОРХОЙЛОГЧ | |
| Код | MN-UlNUM |
| 005 - БИЧИЛТ ХИЙСЭН ОГНОО | |
| Тухайн бичилтийг бичсэн засварласан сүүлийн огноо | 20260401185706.0 |
| 008 - ЕРӨНХИЙ МЭДЭЭЛЭЛ | |
| Ерөнхий мэдээлэл | 260311s1990 fr a b 000 0 eng |
| 020 ## - ISBN | |
| ISBN | 0821315277 |
| -- | 0821315279 |
| 040 ## - БИЧЛЭГ ҮҮСГЭГЧ БАЙГУУЛЛАГА | |
| Бичлэг үүсгэгч номын сангийн код | МУИС-ийн номын сан |
| 084 ## - ББК АНГИЛАЛ | |
| Нэмэлт тусгалт | Нэг сэдэвт бүтээл |
| ББК ангилал | 65.42 |
| Зохиогчийн гурван тэмдэгт | D 46 |
| Мэдлэгийн ялгаа | 65 - Эдийн засаг |
| 100 ## - ЗОХИОГЧ | |
| Зохиогчийн нэр | Destler I. M. |
| 245 ## - ҮНДСЭН ГАРЧИГ | |
| Номын нэр | Agricultural trade liberalization |
| Бага гарчгийн мэдээ | Implications for developing countries |
| Оролцогчдын тухай мэдээ | edited by Ian Goldin, Odin Knudsen |
| 260 ## - ГАРАЛТЫН МЭДЭЭ | |
| Хэвлэгдсэн газар | Paris, France |
| Хэвлэлийн газар | Organisation for Economic Co-Operation and Development |
| Хэвлэгдсэн он | 1990 |
| 300 ## - МАТЕРИАЛЫН ТОДОРХОЙЛОЛТ | |
| хуудасны тоо | 488 p. : |
| Бусад тоон мэдээлэл | ill. ; |
| Хэмжээ | 23 cm |
| 500 ## - Тайлбар | |
| Дансны дугаар | БС 4459 |
| 546 ## - ХЭЛНИЙ ТУХАЙ МЭДЭЭ | |
| Хэл | Англи хэл дээр, |
| 653 ## - Түлхүүр үг | |
| Түлхүүр үг | produce trade |
| 653 ## - Түлхүүр үг | |
| Түлхүүр үг | government policy |
| 653 ## - Түлхүүр үг | |
| Түлхүүр үг | produce trade |
| 740 ## - НОМЫН ГАРЧИГ | |
| Гарчиг | Trade Politics: The root problem, the continuing crisis |
| 740 ## - НОМЫН ГАРЧИГ | |
| Гарчиг | The old system: Protection for congress |
| 942 ## - ЭЛЕМЕНТИЙН ТӨРӨЛ | |
| Зүйлийн төрөл | Ном |
